000 01659nam a2200397Ii 4500
001 DIGLMOND0207
003 NyNyDIG
006 m o d
007 cr |||||||||||
008 250318s2024 sp a o 000 0 spa d
035 _a(OCoLC)1509620176
040 _aDGITA
_beng
_erda
_epn
_cDGITA
020 _z9789563402117
043 _as-cl---
050 1 4 _aLB2328.62.C5 ebook
245 0 0 _aEn defensa de la educación pública y otros textos... /
_cMarisol Durán [and 7 others].
264 1 _aSantiago, [Chile] :
_bEditorial Aún Creemos en los Sueños,
_c[2024]
300 _a1 online resource :
_billustrations.
336 _atext
_btxt
_2rdacontent
337 _acomputer
_bc
_2rdamedia
338 _aonline resource
_bcr
_2rdacarrier
347 _atext file
_2rdaft
347 _bPDF
500 _a"Selección de artículos de Le Monde diplomatique."--Cover.
500 _a"UTEM, Universidad Tecnológica Metropolitana del Estado de Chile."--Cover.
588 0 _aOnline resource; title from PDF title page (Digitalia, viewed March 18, 2025)
650 0 _aEducation and state
_zChile.
650 0 _aEducational equalization
_zChile.
650 0 _aPublic universities and colleges
_zChile.
700 1 _aDurán, Marisol,
_eauthor.
791 2 _aDigitalia (Firm),
_edistributor.
793 0 _gDigitalia eBook Collection:
_aLe Monde Diplomatique
776 0 8 _iPrint version:
_tEn defensa de la educación pública y otros textos...
_bPrimera edición.
_dSantiago, [Chile] : Editorial Aún Creemos en los Sueños, [2024]
_z9789563402117
856 4 0 _3Digitalia Hispánica
_uhttps://www.digitaliapublishing.com/a/159008/
942 _cRAA
999 _c288074
_d288074